Ayudas educativas : (Registro nro. 2296)

Detalles MARC
000 -LEADER
fixed length control field 01294nam a2200337 4500
001 - CONTROL NUMBER
control field 0000021711
003 - CONTROL NUMBER IDENTIFIER
control field CO-CtgCURN
005 - DATE AND TIME OF LATEST TRANSACTION
control field 20250329164840.0
007 - PHYSICAL DESCRIPTION FIXED FIELD--GENERAL INFORMATION
fixed length control field ta
008 - FIXED-LENGTH DATA ELEMENTS--GENERAL INFORMATION
fixed length control field 160627s2001 000 0 eng d
020 ## - INTERNATIONAL STANDARD BOOK NUMBER
International Standard Book Number 958200031X
040 ## - CATALOGING SOURCE
Original cataloging agency CO-CtgCURN
Language of cataloging spa
Transcribing agency coctgcurn
082 0# - DEWEY DECIMAL CLASSIFICATION NUMBER
Classification number 371.33
Item number B644
100 1# - MAIN ENTRY--PERSONAL NAME
Personal name Borda Avila, Elizabeth.
245 10 - TITLE STATEMENT
Title Ayudas educativas :
Remainder of title creatividad y aprendizaje /
Statement of responsibility, etc. Elizabeth Borda avila y Elizabeth Paez Rodríguez.
260 ## - PUBLICATION, DISTRIBUTION, ETC.
Place of publication, distribution, etc. Bogotá :
Name of publisher, distributor, etc. Cooperativa Editorial del Magisterio,
Date of publication, distribution, etc. 2001.
300 ## - PHYSICAL DESCRIPTION
Extent 222 p.
336 ## - CONTENT TYPE
Source rdacontent
337 ## - MEDIA TYPE
Source rdamedia
Media type term sin mediacion
Media type code n
338 ## - CARRIER TYPE
Source rdacarrier
Carrier type term volumen
Carrier type code nc
490 1# - SERIES STATEMENT
Series statement Colección Aula Abierta
500 ## - GENERAL NOTE
General note Incluye glosario (p. 217-218)
504 ## - BIBLIOGRAPHY, ETC. NOTE
Bibliography, etc. note Bibliografia (p. 219-221)
505 8# - FORMATTED CONTENTS NOTE
Formatted contents note Acción de los medios educativos en la escuela actual.--Material para estimular el desarrollo creativo-expresivo.--Medios que facilitan el desarrollo cognoscitivo.--Auxiliares para el desarrollo motor.--Ideas para el maestro
650 14 - SUBJECT ADDED ENTRY--TOPICAL TERM
Topical term or geographic name entry element Material didactico.
700 1# - ADDED ENTRY--PERSONAL NAME
Personal name Paez Rodríguez, Elizabeth.
740 0# - ADDED ENTRY--UNCONTROLLED RELATED/ANALYTICAL TITLE
Uncontrolled related/analytical title Creatividad y aprendizaje.
908 ## - PUT COMMAND PARAMETER (RLIN)
Put command parameter 160627
942 ## - ADDED ENTRY ELEMENTS (KOHA)
Koha item type Libros
Classification part 371.33
Item part B644
Source of classification or shelving scheme Dewey Decimal Classification
Existencias
Withdrawn status Lost status Source of classification or shelving scheme Damaged status Not for loan Collection Home library Current library Shelving location Date acquired Inventory number Total checkouts Full call number Barcode Date last seen Price effective from Koha item type Public note
    Dewey Decimal Classification     General Miguel Henríquez Castañeda Miguel Henríquez Castañeda General 03/29/2025 013460   371.33 B644 013460 03/29/2025 03/29/2025 Libros 370-EDUCAC